Regulation of human alpha-1 chimaerin transcription /
محفوظ في:
| المؤلف الرئيسي: | |
|---|---|
| التنسيق: | أطروحة كتاب |
| اللغة: | English |
| منشور في: |
1995.
|
| الموضوعات: | |
| الوسوم: |
إضافة وسم
لا توجد وسوم, كن أول من يضع وسما على هذه التسجيلة!
|
| LEADER | 00730cam a2200229 a 4500 | ||
|---|---|---|---|
| 001 | u390687 | ||
| 003 | SIRSI | ||
| 008 | 960102s1995 si v 00 1 eng m | ||
| 035 | |a ABY-8780 | ||
| 040 | |a UMM | ||
| 090 | |a QH450.2 |b Jin | ||
| 100 | 1 | 0 | |a Jing-Ming, Dong. |
| 245 | 1 | 0 | |a Regulation of human alpha-1 chimaerin transcription / |c by Jing-Ming Dong. |
| 260 | |c 1995. | ||
| 300 | |a 194 leaves : |b ill. ; |c 31 cm. | ||
| 502 | |a Thesis (Ph.D.) -- National University of Singapore, 1995. | ||
| 504 | |a Bibliography: leaves 168-186. | ||
| 650 | 0 | |a Genetic transcription |x Regulation. | |
| 650 | 0 | |a Human genetics. | |
| 948 | |a 02/01/1996 |b 25/11/2000 | ||
| 596 | |a 1 | ||
| 999 | |a QH450.2 JIN |w LC |c 1 |i A506001721 |l STACKS |m P01UTAMA |r Y |s Y |t TESIS |u 15/8/1996 | ||
